000 00997nam a2200277Ia 4500
005 20170606145202.0
010 _aBAC-EN21 ENG-111811
020 _a9788131522851
_c499.00
020 _a8131522857
_c499.00
020 _a9788131522851
_c525.00
035 _aB-586580-603
035 _aEN-95343
035 _aB-669666
037 _bAsian Book Centre/Ven
_adpl
037 _bDBAD/PUB
082 _a621.3815
100 _aRashid, H.
245 _aElectronic devices and circuits /
_cby Muhammad H. Rashid
260 _c2014
_aDelhi
_bCengage Learning
270 _a418, F.I.E.,Patparganj
_bDelhi
_e110092
300 _c26cm(pbk)
_axix,786p. :
_bill.
500 _aIncludes index
942 _cEN
_2ddc
_mRAS
_h621.3815
999 _c88842
_d88842